| 000 | 00769nam a22002057a 4500 | ||
|---|---|---|---|
| 999 |
_c1754 _d1754 |
||
| 003 | AR-CdUCM | ||
| 008 | 190227b ||||| |||| 00| 0 spa d | ||
| 040 |
_aMUNICIPALIDAD PROVINCIAL DEL CUSCO _cBIBLIOTECA MUNICIPAL DEL CUSCO |
||
| 082 |
_a330.18 / _bK61 |
||
| 100 |
_aKlein, Lawrence R. _96448 |
||
| 245 | _aManual de econometría / | ||
| 260 |
_aMadrid : _bAguilar; _c1958 |
||
| 300 |
_a439 paginas ; _c22 cm. |
||
| 505 | _aIntroducción a la econometría -- Fundamento estadístico -- Estimación de modelos agregativos -- Métodos de análisis de sectores -- Aplicaciones de la econometría .. | ||
| 650 |
_aModelos matemáticos _96449 |
||
| 650 |
_aMétodos analíticos _96450 |
||
| 650 |
_aEconometria _96451 |
||
| 942 |
_2ddc _cLIBROS |
||
| 945 |
_arum _d2029-02-27 |
||